| 000 | 00764nam a2200253Ia 4500 | ||
|---|---|---|---|
| 003 | OSt | ||
| 005 | 20220924124805.0 | ||
| 006 | a|||||r|||| 00| 0 | ||
| 007 | ta | ||
| 008 | 220923b |||||||| |||| 00| 0 urd d | ||
| 020 | _c150 | ||
| 024 | _a258224 | ||
| 037 |
_bMPH/6063/2, 14/01/2012, Modern Publishing House _cTextual |
||
| 040 |
_aARTS _cARTS _burd |
||
| 041 |
_2urd _aurd |
||
| 082 | _aO168,6N26x, P4 | ||
| 100 |
_aSrosh Riffat Au. _9197025 |
||
| 245 | 0 | _aBihar-e-nau bahar | |
| 260 |
_aNoida _bNavrang Kitab Ghar India _c2004 |
||
| 300 |
_a144p. _ccm. |
||
| 650 |
_aURDU PROSE _926866 |
||
| 942 |
_hO168,6N26x, P4 _cTEXL _2CC |
||
| 999 |
_c420999 _d420999 |
||